00254nam a2200109Ia 4500100002200000654001500022245004800037260002600085082001300111300000800124546001200132 aKamm/Lawrence J.  amechanical aUnderstanding Electro Mechanical egineering bPrentice Hallc2000 a621bKAM a382 aENGLISH